000 00588nam a2200229Ia 4500
003 OSt
005 20220924120427.0
006 a|||||r|||| 00| 0
007 ta
008 220923b |||||||| |||| 00| 0 san d
024 _a39927
037 _cTextual
040 _aARTS
_cARTS
_bsan
041 _2san
_asan
082 _aO15:gx8,1, M3.2
100 _aMammata
245 0 _aKavya prakash
260 _aDelhi
_bMotilal Banarsidass India
_c1983
650 _aENGLISH LITERATURE
942 _hO15:gx8,1, M3.2
_cTEXL
_2CC
999 _c402752
_d402752